Making sense of public value: concepts, critiques and emergent meanings (Record no. 86117)

000 -LEADER
fixed length control field 01058pab a2200181 454500
008 - FIXED-LENGTH DATA ELEMENTS--GENERAL INFORMATION
fixed length control field 180718b2009 xxu||||| |||| 00| 0 eng d
100 ## - MAIN ENTRY--PERSONAL NAME
Personal name Alford, John
245 ## - TITLE STATEMENT
Title Making sense of public value: concepts, critiques and emergent meanings
260 ## - PUBLICATION, DISTRIBUTION, ETC.
Date of publication, distribution, etc. 2009
300 ## - PHYSICAL DESCRIPTION
Extent p.171-91.
362 ## - DATES OF PUBLICATION AND/OR SEQUENTIAL DESIGNATION
Dates of publication and/or sequential designation Feb-Mar
520 ## - SUMMARY, ETC.
Summary, etc. It has been two decades since the `public value' framework emerged, articulated initially at the Harvard Kennedy School. In this paper we set out the basics of the original approach, and then consider emerging critiques and meanings. Our aim is firstly to clarify the core concepts of Moore's approach, and secondly to track the new meanings of public value which are developing. This allows us to engage with the growing debate about public value both inside and outside academia, and also to discuss its trajectory as a new idea in public sector management. - Reproduced.
650 ## - SUBJECT ADDED ENTRY--TOPICAL TERM
Topical term or geographic name entry element Public administration
700 ## - ADDED ENTRY--PERSONAL NAME
Personal name O'Flynn, Janine
773 ## - HOST ITEM ENTRY
Main entry heading International Journal of Public Administration
908 ## - PUT COMMAND PARAMETER (RLIN)
Put command parameter N
909 ## -
-- 86117
Holdings
Withdrawn status Lost status Damaged status Not for loan Permanent Location Current Location Date acquired Serial Enumeration / chronology Barcode Date last seen Price effective from Koha item type
        Indian Institute of Public Administration Indian Institute of Public Administration 2018-07-19 Volume no: 32, Issue no: 3-4 AR86577 2018-07-19 2018-07-19 Articles

Powered by Koha